The Lord of the rings. B. 4$90: The two towers (Запись № 2624196)

Подробности
000 -МАРКЕР
контрольное поле 00880nam2a2200241 4500
001 - ИДЕНТИФИКАТОР ЗАПИСИ
контрольное поле RU\NLR\b_ik\94671
005 - ИДЕНТИФИКАТОР ВЕРСИИ
контрольное поле 20250616224838.0
010 ## - МЕЖДУНАРОДНЫЙ СТАНДАРТНЫЙ НОМЕР КНИГИ (ISBN)
Номер (ISBN) 5-8112-0211-3
010 ## - МЕЖДУНАРОДНЫЙ СТАНДАРТНЫЙ НОМЕР КНИГИ (ISBN)
Номер (ISBN) 5-8112-0166-4
Тираж 7000
035 ## - ДРУГИЕ СИСТЕМНЫЕ НОМЕРА
Идентификатор записи (NLR Aleph) 002168665
100 ## - ДАННЫЕ ОБЩЕЙ ОБРАБОТКИ
Данные общей обработки 20030213d2002 |||y0rusy50 ca
101 0# - ЯЗЫК РЕСУРСА
Язык текста, звукозаписи и т.д. английский
102 ## - СТРАНА ПУБЛИКАЦИИ ИЛИ ПРОИЗВОДСТВА
Страна публикации Российская Федерация
105 ## - ПОЛЕ КОДИРОВАННЫХ ДАННЫХ: ТЕКСТОВЫЕ МАТЕРИАЛЫ, МОНОГРАФИЧЕСКИЕ
Кодированные данные о монографическом текстовом документе a |||||||||
200 1# - ЗАГЛАВИЕ И СВЕДЕНИЯ ОБ ОТВЕТСТВЕННОСТИ
Основное заглавие The two towers
Обозначение и номер части vol. 1
210 ## - ПУБЛИКАЦИЯ, РАСПРОСТРАНЕНИЕ И ДР.
Дата издания, распространения и т.д. 2002
Место издания, распространения и т.д. Б. м.
215 ## - ФИЗИЧЕСКАЯ ХАРАКТЕРИСТИКА
Специфическое обозначение материала и объем 216, [1] с.
Другие сведения о физической характеристике ил.
461 #0 - УРОВЕНЬ НАБОРА
Встроенное поле 001RU\NLR\b_ik\89536
-- 2001#$aThe Lord of the rings$fJ.R.R. Tolkien$g[Коммент. Е.В. Гвоздковой]$vB. 4$90
-- 700#1$aTolkien$bJ. R.R.$4070$f1892-1973$gJohn Ronald Reuel
Системный номер (АБИС) связанной записи 2558722
Автор Tolkien, J. R.R. (1892-1973)
Место публикации М.
Дата публикации 2002
Первые сведения об ответственности J.R.R. Tolkien
Имя издателя, распространителя и т.д. Айрис-Пресс
Заглавие The Lord of the rings
Номер тома B. 4$90
801 #0 - ИСТОЧНИК ЗАПИСИ
Страна Российская Федерация
Организация NLR
Дата составления 20030213
Правила каталогизации PSBO
942 ## - ДОПОЛНИТЕЛЬНЫЕ ЭЛЕМЕНТЫ ЗАПИСИ (АБИС)
Тип экземпляра АБИС Книга
980 ## - КОЛЛЕКЦИЯ
Название коллекции Национальная библиография
Экземпляры
Тип экземпляра Дата поступления Источник поступления Библиотека постоянного хранения Библиотека текущего хранения Место хранения Шифр хранения Штрих-код Статус экземпляра Публичное примечание
Книга 13.02.2003 Обязательный экземпляр РНБ (Московский) РНБ (Московский) Иностранный книжный фонд Ик 2002-2/33 1007733   ;